| 000 | 00698nac a22002171u 4500 | ||
|---|---|---|---|
| 008 | 101007t1976 -ca|||||r|||| 001 0 eng d | ||
| 010 | _a75038840 | ||
| 020 | _a0471660698 | ||
| 082 | 0 | 0 |
_a624.18341 _bPAR |
| 100 |
_aParker, Harry, _920177 |
||
| 245 | 1 | 0 |
_aSimplified Design of Reinforced Concrete / _cHarry Parker; Prepared by Harold D. Hauf |
| 250 | _a4th ed. | ||
| 260 |
_aNew York : _bWiley, _cc1976. |
||
| 300 |
_axvi, 303 p. : _bill. ; _c22 cm. |
||
| 500 | _aIncludes index. | ||
| 500 | _aDonations | ||
| 500 | _aDonations - Dr. Mostafa Gouda | ||
| 650 | 0 |
_aReinforced concrete construction. _920178 |
|
| 700 | 1 |
_aHauf, Harold Dana. _920179 |
|
| 942 |
_cBB _k624.18341PAR _2ddc |
||
| 999 |
_c1737 _d1737 |
||